000 00558nam a22001937a 4500
003 LK-CoMWRAF
005 20230924131806.0
008 230922b |||||||| |||| 00| 0 eng d
040 _aLK-CoMWRAF
_dLK-CoMWRAF
_eLK-CoMWRAF
041 _aeng
082 _a297.352
_bELK
100 _a El-Kholi, El-Bahay
245 _aAl-Hajj the pilgrimage and the lesser pilgrimage
260 _aCairo :
_bSupreme council for Islamic affairs,
_c1964
490 _aessentials of Islam series
650 _aIslam-Hajj
700 _aMetwalli, Abdalla
_etrans.
942 _cBK
999 _c3614
_d3614